Enfoque y exposición / (Record no. 86088)

MARC details
000 -LEADER
campo de control de longitud fija 00439nam a2200157 i 4500
001 - NÚMERO DE CONTROL
campo de control 86088
003 - IDENTIFICADOR DE NÚMERO DE CONTROL
campo de control ES-MaACL
005 - FECHA Y HORA DE LA ÚLTIMA TRANSACCIÓN
campo de control 20230906175354.0
007 - CAMPO FIJO DE DESCRIPCIÓN FÍSICA--INFORMACIÓN GENERAL
campo de control de longitud fija t|
008 - DATOS DE LONGITUD FIJA--INFORMACIÓN GENERAL
campo de control de longitud fija 041207s1960 sp ||||1| spa d
100 1# - ENTRADA PRINCIPAL--NOMBRE DE PERSONA
Nombre de persona Kerff, Gerhard.
9 (RLIN) 67900
245 10 - MENCIÓN DEL TÍTULO
Título Enfoque y exposición /
Mención de responsabilidad, etc. Gerhard Kerff.
260 ## - PUBLICACIÓN, DISTRIBUCIÓN, ETC.
Lugar de publicación, distribución, etc. Barcelona :
Nombre del editor, distribuidor, etc. Omega,
Fecha de publicación, distribución, etc. [1960] (
Fabricante Agustín Núñez)
300 ## - DESCRIPCIÓN FÍSICA
Extensión 62 p. :
Otras características físicas il. ;
Dimensiones 16 cm.
852 ## - LOCALIZACIÓN
Ubicación ES-MaACL
Número de control de estantería C-19537
Sublocalización o colección R.46889
Holdings
Estatus retirado Estado de pérdida Estado de daño No para préstamo Biblioteca de origen Biblioteca actual Ubicación en estantería Fecha de adquisición Fuente de adquisición Total de préstamos Signatura topográfica completa Código de barras Visto por última vez Precio de reemplazo Tipo de ítem Koha
        Biblioteca del Ateneo de Madrid Biblioteca del Ateneo de Madrid Galería 17/01/2008     C-19537 1089955 23/02/2023 23/02/2023 Libro impreso